[Event "SPICE Spring Invitational"]
[Site "Lubbock USA"]
[Date "2011.03.13"]
[Round "3"]
[White "Kuljasevic,D"]
[Black "Bykhovsky,An ISR"]
[Result "1/2-1/2"]
[WhiteElo "2528"]
[BlackElo "2517"]

1.d4 d5 2.c4 e6 3.Nc3 Nf6 4.Nf3 Be7 5.Bf4 O-O 6.e3 c5 7.dxc5 Bxc5 8.cxd5 Nxd5
9.Nxd5 exd5 10.a3 Nc6 11.Bd3 h6 12.O-O Be6 13.Rc1  1/2-1/2

[Event "ch-FRA Rapid 2011"]
[Site "Nancy FRA"]
[Date "2011.03.13"]
[Round "3"]
[White "Bacrot,E"]
[Black "Landa,K"]
[Result "1/2-1/2"]
[WhiteElo "2718"]
[BlackElo "2609"]

1.d4 d5 2.c4 e6 3.Nc3 Be7 4.Nf3 Nf6 5.Bf4 O-O 6.a3 b6 7.cxd5 Nxd5 8.Nxd5 exd5
9.g3 Bb7 10.Bg2 Nd7 11.b4 c5 12.dxc5 bxc5 13.bxc5 Nxc5 14.O-O Bf6 15.Rc1 Ne6
16.Be5 Bxe5 17.Nxe5 Qd6 18.Rb1 Rab8 19.Nd3 Ba6 20.Nb4 d4 21.Nxa6 Rxb1 22.Qxb1 Qxa6
23.Qb2 h6 24.Rd1 Rd8 25.Rd2 Qc4 26.Rc2 Qa4 27.Be4 Qa5 28.Qb4 Qe5 29.Bd3 Rb8
30.Qc4 g6 31.h4 h5 32.Rc1 Kg7 33.Qc6 g5 34.hxg5 Qxg5 35.Rc4 h4 36.Qf3 hxg3
37.Qxg3 Qxg3+ 38.fxg3 Rb3 39.a4 Kf6 40.Rc6 Rb6 41.Rc4 Rb2 42.Rc6 Rb6 43.Rc1 Rb4
44.a5 Ke5 45.Bc4 Ra4 46.a6 f6 47.Bd3 Kd6 48.Rf1 Ke7 49.Rf5 Nc7 50.Rh5 Nxa6
51.Rh7+ Ke6 52.Rxa7 Nc5 53.Rxa4 Nxa4 54.Kf2 Nc5 55.Bc4+ Ke5 56.Kf3 Ne4 57.Bd3 Nc5
58.Bc4  1/2-1/2

[Event "ch-FRA Rapid 2011"]
[Site "Nancy FRA"]
[Date "2011.03.13"]
[Round "7"]
[White "Fridman,D"]
[Black "Harikrishna,P"]
[Result "1-0"]
[WhiteElo "2661"]
[BlackElo "2665"]

1.d4 Nf6 2.c4 e6 3.Nf3 d5 4.Nc3 Be7 5.Bf4 O-O 6.a3 c5 7.dxc5 Bxc5 8.e3 Nc6
9.Qc2 Qa5 10.O-O-O Be7 11.h4 a6 12.Ng5 dxc4 13.Bxc4 b5 14.Bb3 g6 15.h5 b4
16.axb4 Nxb4 17.Qb1 Nbd5 18.Nxd5 exd5 19.hxg6 hxg6 20.Rxd5 Nxd5 21.Be5 Qc5+
22.Kd2 Qb4+ 23.Bc3 Qxc3+ 24.bxc3 Rd8 25.Nxf7 Nxc3+ 26.Nxd8+  1-0

[Event "TCh-SWE Elitserien 2010-11"]
[Site "Sweden SWE"]
[Date "2011.03.13"]
[Round "11"]
[White "Johansson,G1"]
[Black "Virolainen,V"]
[Result "1/2-1/2"]
[WhiteElo "2226"]
[BlackElo "2127"]

1.d4 e6 2.c4 Nf6 3.Nf3 d5 4.Nc3 Be7 5.Bf4 O-O 6.e3 a6 7.a3 c5 8.dxc5 Bxc5
9.Qc2 Qe7 10.cxd5 exd5 11.Be2 Nc6 12.O-O h6 13.b4 Ba7 14.b5 axb5 15.Nxb5 Bb8
16.Bxb8 Rxb8 17.Nfd4 Bd7 18.Qb3 Ne5 19.Nc3 Bc6 20.a4 Ne4 21.Rfd1 Qf6 22.Nxe4 dxe4
23.Qb4 Rfd8 24.h3 Qg6 25.Nxc6 Qxc6 26.Rd4 Rxd4 27.Qxd4 f6 28.Rd1 Rc8 29.Bb5 Qc2
30.Bd7 Nxd7 31.Qxd7 Qc6 32.Qxc6 Rxc6 33.Rd4 Re6 34.Rb4 b6 35.g4 Kf7 36.Kg2 Ke7
37.Kg3 g5 38.h4 Kd7 39.Rd4+ Kc7 40.h5 Re5 41.Rc4+ Kd7 42.Rd4+ Kc7 43.Rc4+ Kd7  1/2-1/2

[Event "ch-Southern FR Men"]
[Site "Armavir RUS"]
[Date "2011.03.14"]
[Round "3"]
[White "Pushkov,N"]
[Black "Gladkov,K"]
[Result "1/2-1/2"]
[WhiteElo "2424"]
[BlackElo "2077"]

1.d4 d5 2.c4 e6 3.Nf3 Nf6 4.Nc3 Be7 5.Bf4 O-O 6.e3 c5 7.dxc5 Bxc5 8.cxd5 exd5
9.a3 Nc6 10.Rc1 d4 11.Nb5 Qa5+ 12.Qd2 Qxd2+ 13.Nxd2 dxe3 14.fxe3 Be7 15.Bc4 Bg4
16.Nf3 Ne4 17.Bd5 Nc5 18.Ke2 Ne6 19.Bd6 Bxd6 20.Nxd6 Rfd8 21.Bxe6 Bxf3+ 22.gxf3 Rxd6
23.Bf5 Re8 24.Be4 f5 25.Bxc6 bxc6 26.Rcd1 Rde6 27.Rd3 Rb8 28.b4 a5 29.Rhd1 axb4
30.Rd8+ Re8 31.Rxe8+ Rxe8 32.axb4 Rb8 33.Rd4 Rb5 34.Rc4 Kf7 35.Kd3 Ke7 36.Rh4 h6
37.Kc4 Re5 38.e4 Ke6 39.Rh5 g6 40.exf5+ Kf6 41.Rxh6 Rxf5 42.Rh8 Ke7 43.Rg8 g5
44.Kd4 Rb5 45.Kc4 Rf5 46.Rg6 Kd7 47.Kd4 Rxf3 48.Rxg5 Rh3 49.Rg2 Rh4+ 50.Kc5 Rh5+
51.Kc4 Rh4+ 52.Kb3 Rh3+ 53.Ka4 Kc7  1/2-1/2

[Event "ch-PriFO A"]
[Site "Tolyatti RUS"]
[Date "2011.03.15"]
[Round "6.14"]
[White "Tunik,G"]
[Black "Afanasiev,D2"]
[Result "1-0"]
[WhiteElo "2436"]
[BlackElo "2006"]

1.d4 d5 2.c4 e6 3.Nf3 Nf6 4.Nc3 Be7 5.Bf4 O-O 6.e3 b6 7.Qc2 a6 8.cxd5 exd5
9.Bd3 Bb7 10.g4 Re8 11.Ne5 Nbd7 12.O-O-O Nf8 13.Kb1 Bd6 14.Rhg1 c5 15.g5 Nh5
16.Bxh7+ Nxh7 17.g6 fxg6 18.Qxg6 N7f6 19.Qf7+ Kh7 20.Rg6 Ng8 21.Rxg7+  1-0

[Event "Schachbundesliga 2010-11"]
[Site "Delmenhorst GER"]
[Date "2011.03.19"]
[Round "12"]
[White "Seel,C"]
[Black "Babula,V"]
[Result "1/2-1/2"]
[WhiteElo "2483"]
[BlackElo "2515"]

1.Nf3 Nf6 2.c4 e6 3.Nc3 d5 4.d4 Be7 5.Bf4 O-O 6.e3 b6 7.cxd5 Nxd5 8.Nxd5 exd5
9.Be2 c5 10.O-O Nc6 11.Bb5 Bb7 12.Qa4 Qc8 13.dxc5 bxc5 14.Rac1 c4 15.Ne5 Nxe5
16.Bxe5 Rd8 17.Qa5 Qe6 18.Bd4 Bf6 19.Qc3 Bxd4 20.Qxd4 Qb6 21.Ba4 Qxd4 22.exd4 Bc8
23.b3  1/2-1/2

[Event "Kiev Spring 2011"]
[Site "Kiev UKR"]
[Date "2011.03.20"]
[Round "2.16"]
[White "Babiy,P"]
[Black "Sheyin,A"]
[Result "1-0"]
[WhiteElo "2119"]
[BlackElo "1977"]

1.Nf3 d5 2.d4 e6 3.c4 Nf6 4.Nc3 Be7 5.Bf4 c6 6.Qc2 O-O 7.e3 Nbd7 8.h3 Re8
9.Be2 Nf8 10.O-O Bd6 11.Bg5 Be7 12.a3 Ng6 13.Rfd1 dxc4 14.Bxc4 Nd5 15.Bxe7 Qxe7
16.e4 Ndf4 17.b4 Nh4 18.Nxh4 Qxh4 19.Bf1 e5 20.d5 g5 21.Re1 g4 22.hxg4 Bxg4
23.Re3 Rad8 24.Rg3 Rd6 25.Be2 Nxe2+ 26.Qxe2 Rg6 27.Qe1 Kh8 28.f3 Bd7 29.Rxg6 Qxe1+
30.Rxe1 hxg6 31.Kf2 Kg7 32.Rd1 a6 33.Na4 cxd5 34.Nc5 Bc8 35.exd5 b6 36.Na4 b5
37.Nc5 Rd8 38.d6 Bd7 39.Nxa6 Bc6 40.Nc5 Kf6 41.Ke3 Ra8 42.Rd3 Rd8 43.g3 Ra8
44.Kd2 Rd8 45.Kc3 Ra8 46.Kb3 Rd8 47.a4 bxa4+ 48.Nxa4 Bb5 49.Rd2 Bc6 50.Nc5 Bxf3
51.Rf2 e4 52.Nxe4+ Ke5 53.Rxf3 Kxe4 54.Rf6 Ke5 55.Rxf7 Rxd6 56.Rf3 Ke4 57.Rc3 Kd4
58.b5 Rb6 59.Rc4+ Kd5 60.Kb4 Re6 61.Rc5+ Kd4 62.Rc6 Re1 63.Rd6+ Ke5 64.Rxg6  1-0

[Event "Kiev Spring 2011"]
[Site "Kiev UKR"]
[Date "2011.03.20"]
[Round "3.13"]
[White "Borzov,D"]
[Black "Slobodenuk,Nikolay"]
[Result "1-0"]
[WhiteElo "2166"]
[BlackElo "1985"]

1.d4 Nf6 2.c4 e6 3.Nc3 d5 4.Nf3 Be7 5.Bf4 a6 6.e3 O-O 7.c5 Nc6 8.a3 Nh5 9.Bd3 f5
10.h3 Bd7 11.Bh2 Be8 12.g4 fxg4 13.hxg4 Nf6 14.Bg3 g6 15.Ng5 Qd7 16.f3 Kg7
17.Qd2 h6 18.Nh3 Rh8 19.O-O-O b6 20.b4 bxc5 21.bxc5 Ng8 22.Nf4 Bf6 23.Bc2 Nge7
24.Nd3 Bf7 25.Qh2 Rac8 26.Ba4 Qd8 27.Qf2 Na5 28.f4 Nc4 29.Rdf1 Kg8 30.Bb3 Nxa3
31.Ne5 Rb8 32.Bc2 Nxc2 33.Kxc2 a5 34.Bh4 Bxh4 35.Qxh4 Kg7 36.Qg3 Qc8 37.Rhg1 a4
38.f5 exf5 39.gxf5 Nxf5 40.Qf4 a3 41.Qxf5 Rb2+ 42.Kc1 Qxf5 43.Rxf5 Be8 44.Nd3 Rh2
45.Rf2 Rxf2 46.Nxf2 c6 47.Kc2 Bd7 48.Kb3 Ra8 49.Nd3 Bf5 50.Ne5 Rc8 51.Kxa3 h5
52.Ne2 Kh6 53.Nf7+ Kg7 54.Nd6 Ra8+ 55.Kb3 Bg4 56.Nc3 Be6 57.Kb2 h4 58.Ne2 Bg8
59.Nf5+ Kf6 60.Nxh4 Rb8+ 61.Kc3 Bf7 62.Nf3 Rh8 63.Ne5 Be8 64.Kd3 g5 65.Ng3 Rh3
66.Rg2 Rh4 67.Nf3 Kg7  1-0

[Event "5th Agzamov Mem"]
[Site "Tashkent UZB"]
[Date "2011.03.20"]
[Round "3"]
[White "Roiz,M"]
[Black "Khamrakulov,D"]
[Result "1/2-1/2"]
[WhiteElo "2661"]
[BlackElo "2479"]

1.d4 d5 2.c4 e6 3.Nf3 Nf6 4.Nc3 Be7 5.Bf4 O-O 6.e3 c5 7.dxc5 Bxc5 8.a3 Nc6
9.Qc2 Qa5 10.Rd1 Rd8 11.Nd2 dxc4 12.Bxc4 Be7 13.O-O Qh5 14.Nde4 Rxd1 15.Qxd1 Qxd1
16.Rxd1 Nxe4 17.Nxe4 e5 18.Bg3 Kf8 19.f3 Bf5 20.Nc3 Rd8 21.Bd5 Bc5 22.Bf2 Ke7
23.Rc1 Be6 24.e4 Bxf2+ 25.Kxf2 Bxd5 26.Nxd5+ Ke6 27.b4 Ne7 28.Nc7+ Kf6 29.Ke3 g5
30.g3 h6 31.Ke2 Kg6 32.Rc5 f6 33.g4 h5 34.Ne6 Rc8 35.Rxc8 Nxc8 36.h3  1/2-1/2

[Event "Kiev Spring 2011"]
[Site "Kiev UKR"]
[Date "2011.03.21"]
[Round "4.15"]
[White "Babiy,P"]
[Black "Bykov,Yuriy"]
[Result "1-0"]
[WhiteElo "2119"]
[BlackElo "1947"]

1.d4 d5 2.c4 e6 3.Nc3 Nf6 4.Nf3 Be7 5.Bf4 O-O 6.h3 a6 7.e3 Nbd7 8.Qc2 dxc4
9.Bxc4 c5 10.Rd1 b5 11.Be2 cxd4 12.Rxd4 Bc5 13.Rd2 Qa5 14.O-O Bb7 15.Rfd1 Rfd8
16.Ng5 Nf8 17.a3 b4 18.axb4 Bxb4 19.Rxd8 Rxd8 20.Rxd8 Qxd8 21.Qb3 a5 22.Nf3 Nd5
23.Be5 Nd7 24.Bg3 Qc8 25.Na2 Nc5 26.Qc2 Na6 27.Nxb4 Naxb4 28.Qa4 h6 29.Kh2 Qd8
30.Nd4 Kh7 31.Nb3 Qf6 32.Nd4 Qd8 33.Bf3 Bc8 34.Be5 Bd7 35.Qd1 Nc6 36.Nxc6 Bxc6
37.Qc2+ g6 38.Qxc6 Qg5 39.Bd4 Qd8 40.Bxd5 exd5 41.Bf6 Qb8+ 42.g3 a4 43.Qxd5  1-0

[Event "Kiev Spring 2011"]
[Site "Kiev UKR"]
[Date "2011.03.21"]
[Round "4.23"]
[White "Lomsadze,Irakly"]
[Black "Grygoriev,Oleksii"]
[Result "1/2-1/2"]
[WhiteElo "1811"]
[BlackElo "2161"]

1.d4 Nf6 2.c4 e6 3.Nc3 d5 4.Nf3 Be7 5.Bf4 O-O 6.e3 b6 7.cxd5 Nxd5 8.Nxd5 exd5
9.a3 Bf5 10.Bd3 Bxd3 11.Qxd3 Bd6 12.Bg3 Nc6 13.Rc1 Na5 14.Nd2 a6 15.b4 Nb7
16.O-O Qd7 17.Qb3 Bxg3 18.hxg3 c6 19.Rc2 Nd6 20.Rfc1 Rfc8 21.Qa4 Nc4 22.Qb3 b5
23.Nxc4 bxc4 24.Qc3 Qc7 25.e4 a5 26.exd5 cxd5 27.b5 a4 28.Qf3 Qd7 29.b6 Ra5
30.Rb1 Rb5 31.Rcb2 Rb3 32.Qe2 c3 33.Rxb3 axb3 34.Rxb3 c2 35.Qxc2 Rxc2 36.b7 Rc1+
37.Kh2 Qxb7 38.Rxb7 Kf8 39.a4 Rc4 40.a5 Ra4 41.Rb5 Rxd4 42.a6 Ra4 43.Rb8+ Ke7
44.Rb7+ Ke6 45.a7 d4 46.Rb4 Rxa7 47.Rxd4 Ke5 48.Rg4 g6 49.Rb4 h5 50.Kh3 Ra1
51.Kh2 Rf1 52.f4+ Kf6 53.Rb5 Ra1 54.Rb6+ Kg7 55.Rb7  1/2-1/2

[Event "ch-VIE Men"]
[Site "Da Lat VIE"]
[Date "2011.03.23"]
[Round "5.1"]
[White "Nguyen Huynh Minh Huy"]
[Black "Pham Chuong"]
[Result "1-0"]
[WhiteElo "2451"]
[BlackElo "2378"]

1.d4 d5 2.c4 e6 3.Nf3 Nf6 4.Nc3 Be7 5.Bf4 O-O 6.e3 b6 7.cxd5 exd5 8.Be2 Bb7
9.h3 Bd6 10.Ne5 Nbd7 11.O-O Qe7 12.Nd3 c5 13.Bf3 c4 14.Bxd6 Qxd6 15.Nf4 a6
16.b3 Rac8 17.Rc1 b5 18.bxc4 Rxc4 19.Nb1 Rfc8 20.Rxc4 Rxc4 21.Nd2 Rc3 22.Qb1 Nb6
23.Nd3 Nc4 24.Nb3 Bc8 25.Ndc5 b4 26.Rc1 Rxc1+ 27.Qxc1 Nd7 28.Bxd5 Nxc5 29.Qxc4 Be6
30.Qxb4 Bxd5 31.Nxc5 h5 32.Qa4 Qg6 33.e4 Qg5 34.Qxa6 Qc1+ 35.Qf1 Qxf1+ 36.Kxf1 Bxa2
37.Ke2 Kf8 38.Ke3 Ke7 39.g3 Kd6 40.Nd3 Bb1 41.d5 f5 42.f3 g5 43.Kd4 Bc2 44.e5+ Ke7
45.f4 h4 46.gxh4 g4 47.hxg4 fxg4 48.Ne1 g3 49.Ke3 Bd1 50.f5  1-0

[Event "Caissa GM March 2011"]
[Site "Kecskemet HUN"]
[Date "2011.03.23"]
[Round "6.2"]
[White "Natsidis,C"]
[Black "Kislik,E"]
[Result "1/2-1/2"]
[WhiteElo "2329"]
[BlackElo "2319"]

1.d4 Nf6 2.c4 e6 3.Nf3 d5 4.Nc3 Be7 5.Bf4 O-O 6.e3 Nbd7 7.Qc2 b6 8.cxd5 exd5
9.Bd3 a6 10.O-O Bb7 11.Rad1 Re8 12.Bf5 Nf8 13.Na4 Bd6 14.Bxd6 Qxd6 15.Rc1 Re7
16.Ne5 g6 17.Bh3 Ne4 18.Rfd1 f6 19.Nd3 Ne6 20.g3  1/2-1/2

[Event "4NCL 2010-11"]
[Site "Daventry ENG"]
[Date "2011.03.26"]
[Round "7.18"]
[White "Dearing,E"]
[Black "Berry,N"]
[Result "1/2-1/2"]
[WhiteElo "2412"]
[BlackElo "2346"]

1.d4 d5 2.c4 e6 3.Nc3 Be7 4.Nf3 Nf6 5.Bf4 O-O 6.e3 Nbd7 7.c5 Nh5 8.Bd3 Nxf4
9.exf4 b6 10.b4 a5 11.a3 c6 12.O-O Qc7 13.g3 Ba6 14.Bxa6 Rxa6 15.Qe2 Raa8
16.Rfc1 axb4 17.axb4 Bf6 18.Rab1 bxc5 19.bxc5 Ra3 20.Qb2 Rfa8 21.Kg2 g6 22.Ra1 Qa5
23.Rxa3 Qxa3 24.Qxa3 Rxa3 25.Ne2 Kf8 26.Rb1 Ke8 27.Rb4 h5 28.h3 Kd8 29.Rb1 Ra4
30.Rb3 Kc7 31.Rb1 Kd8 32.Rb7 Kc8 33.Rb1 Kd8 34.Rd1 Ra3 35.g4 hxg4 36.hxg4 Ke7
37.Rb1 Ra8 38.Rb7 Kd8 39.Ng3 Kc8 40.Rb1 Kc7 41.Rh1 Rh8 42.Rd1 Rb8 43.Ne2 Kd8
44.Rd3 Rb2 45.Nc1 Rb4 46.Nb3 Ra4 47.Kf1 Bg7 48.g5  1/2-1/2

[Event "4NCL 2010-11"]
[Site "Daventry ENG"]
[Date "2011.03.27"]
[Round "8.14"]
[White "Hawkins,Jo"]
[Black "Gordon,S"]
[Result "1-0"]
[WhiteElo "2429"]
[BlackElo "2528"]

1.d4 Nf6 2.c4 e6 3.Nf3 d5 4.Nc3 Be7 5.Bf4 O-O 6.a3 b6 7.e3 c5 8.dxc5 bxc5
9.Bd3 Nc6 10.O-O h6 11.Rc1 Bb7 12.cxd5 exd5 13.e4 c4 14.exd5 cxd3 15.dxc6 Bxc6
16.Ne5 Bb7 17.Qxd3 Qb6 18.Rfd1 Rad8 19.Qb5 Bc5 20.Qxb6 Bxb6 21.Nc4 Ne4 22.Nxe4 Bxe4
23.Re1 Bd5 24.Nxb6 axb6 25.Bc7 Rd7 26.Bxb6  1-0

[Event "TCh-NOR Attack-serien 2010-11"]
[Site "Oslo NOR"]
[Date "2011.04.02"]
[Round "8"]
[White "Aulin Jansson,J"]
[Black "Gvein,K"]
[Result "1-0"]
[WhiteElo "2232"]
[BlackElo "2169"]

1.d4 d5 2.Nf3 Nf6 3.c4 e6 4.Nc3 Be7 5.Bf4 c6 6.e3 O-O 7.Qc2 Nbd7 8.h3 a5
9.a3 dxc4 10.Bxc4 Nd5 11.Bg3 N7f6 12.O-O Nxc3 13.bxc3 b5 14.Bd3 Bb7 15.Ne5 Rc8
16.Rfd1 h6 17.Qb3 Nd7 18.c4 Nxe5 19.Bxe5 bxc4 20.Bxc4 Qd7 21.Qa4 Ra8 22.Be2 Ba6
23.Bf3 Bb5 24.Qc2 a4 25.Qb2 Bd6 26.Bxd6 Qxd6 27.Rac1 Rfc8 28.Rc5 Rab8 29.Qc1 Rb6
30.Qc2 Rcb8 31.Rc1 g6 32.g3 Qe7 33.h4 Qd6 34.Kg2 Qe7 35.Be4 Kg7 36.Qd1 Qd6
37.R1c3 f5 38.Bc2 Ra6 39.h5 gxh5 40.Qxh5 Rg8 41.e4 Rf8 42.exf5 exf5 43.Bxf5 Ra7
44.Re3 Raf7 45.Rce5 Bc4 46.R3e4 Bd5 47.Rxd5 Qxd5 48.Qg6+ Kh8 49.Qxh6+ Kg8
50.Qg6+ Kh8 51.Kh2 Qd8 52.Qh6+  1-0

[Event "Telin International Open"]
[Site "Jakarta INA"]
[Date "2011.04.04"]
[Round "5.5"]
[White "Gagunashvili,M"]
[Black "Liu Dede"]
[Result "1-0"]
[WhiteElo "2599"]
[BlackElo "2418"]

1.d4 d5 2.c4 e6 3.Nf3 Nf6 4.Nc3 Be7 5.Bf4 O-O 6.e3 c5 7.dxc5 Bxc5 8.a3 Nc6
9.Qc2 dxc4 10.Bxc4 Qe7 11.O-O Bd6 12.Bg5 h6 13.Bh4 g5 14.Bg3 Bxg3 15.hxg3 Bd7
16.e4 Rac8 17.e5 Ng4 18.Qe2 f5 19.exf6 Nxf6 20.Rad1 Kg7 21.Rfe1 Rfe8 22.Nb5 Na5
23.Ba2 Bxb5 24.Qxb5 Rc5 25.Qd3 e5 26.b4 e4 27.Qb1 Rc3 28.Nd4 Kh8 29.bxa5 e3
30.f3 Rxa3 31.Be6 Rxa5 32.Rxe3 Rd8 33.Qg6 Ng8 34.Rde1 Ra6 35.Nf5 Qf8 36.Qxg8+ Qxg8
37.Bxg8 Kxg8 38.Re7 Ra2 39.Nxh6+  1-0

[Event "TCh-CAT Div Hon"]
[Site "Barcelona ESP"]
[Date "2011.04.09"]
[Round "11"]
[White "Gonzalez Garcia,J2"]
[Black "Panelo Munoz,M"]
[Result "1-0"]
[WhiteElo "2503"]
[BlackElo "2327"]

1.d4 d5 2.c4 e6 3.Nc3 Be7 4.Nf3 Nf6 5.Bf4 O-O 6.e3 c5 7.dxc5 Bxc5 8.a3 Nc6
9.Qc2 Qa5 10.Rd1 Be7 11.Be2 dxc4 12.Bxc4 a6 13.O-O Nh5 14.Bd6 Bxd6 15.Rxd6 Ne5
16.Be2 Nf6 17.Rfd1 Nxf3+ 18.Bxf3 Qc7 19.Qd2 e5 20.Rd8 Be6 21.Rxa8 Rxa8 22.Qd6 Qxd6
23.Rxd6 Rb8 24.Rb6 Bc8 25.Nd5 Nd7 26.Rd6 Kf8 27.h4 Ke8 28.b4 Nf8 29.a4 Bd7
30.Nb6 Ke7 31.Rd5 f6 32.Rc5 Kd6 33.Nc4+ Ke7 34.Nb6 Kd6 35.Rc1 Bc6 36.Rd1+ Kc7
37.Nd5+ Bxd5 38.Bxd5 Rd8 39.a5 Ng6 40.g3 Ne7 41.Rc1+ Kb8 42.Bf3 f5 43.Rb1 e4
44.Be2 Rd2 45.Bf1 Kc7 46.b5 axb5 47.Rxb5 g6 48.a6 b6 49.Rb1 Nc6 50.Rc1 Kd6
51.Rb1 Kc7 52.Rc1 Kd6 53.Rb1 Ra2 54.Rxb6 Kc5 55.Rb5+ Kd6 56.Rb7 h6 57.Rg7 Ne5
58.a7 Nf3+ 59.Kg2 Ne1+ 60.Kh3 Nd3 61.Rxg6+ Ke7 62.g4 Nxf2+ 63.Kg3 Nd3 64.Rg8 f4+
65.exf4 Ra3 66.a8=Q  1-0

[Event "TCh-HUN 2010-11"]
[Site "Decs HUN"]
[Date "2011.04.10"]
[Round "8"]
[White "Taskovits,I"]
[Black "Szepes,T"]
[Result "1-0"]
[WhiteElo "2291"]
[BlackElo "2078"]

1.c4 e6 2.Nc3 d5 3.d4 Be7 4.Nf3 Nf6 5.Bf4 O-O 6.e3 c6 7.Bd3 Nbd7 8.O-O b6
9.cxd5 Nxd5 10.Nxd5 exd5 11.Qc2 Bb7 12.Bxh7+ Kh8 13.Bd3 Rc8 14.Qe2 g6 15.Ba6 Bxa6
16.Qxa6 Ra8 17.Rac1 Qc8 18.Qa4 c5 19.dxc5 bxc5 20.Rfd1 Qb7 21.Qc2 Rad8 22.h4 Bf6
23.b3 Qc6 24.h5 Rg8 25.Qd3 Nb6 26.hxg6 Rxg6 27.g3 Kg7 28.Kg2 Rh8 29.Qf5 Qc8
30.Qxc8 Rxc8 31.Be5 c4 32.Kf1 Bxe5 33.Nxe5 Re6 34.Nf3 Kf6 35.Nd4 Re7 36.Ke2 Rec7
37.Kd2 Nd7 38.Nb5 Rc5 39.Nd6 R8c6 40.b4 c3+ 41.Kc2 Rxd6  1-0

[Event "13th Dubai Open"]
[Site "Dubai UAE"]
[Date "2011.04.11"]
[Round "2"]
[White "Kotanjian,T"]
[Black "Grabinsky,V"]
[Result "1/2-1/2"]
[WhiteElo "2527"]
[BlackElo "2303"]

1.d4 Nf6 2.c4 e6 3.Nf3 d5 4.Nc3 Be7 5.Bf4 O-O 6.e3 b6 7.Rc1 Bb7 8.cxd5 Nxd5
9.Nxd5 Qxd5 10.a3 c5 11.Bc4 Qh5 12.dxc5 Rd8 13.Qe2 Bxc5 14.O-O Nc6 15.b4 Bd6
16.Ba6 Bxf4 17.exf4 Bxa6 18.Qxa6 Qd5 19.h4 g6 20.Rc2 Nd4 21.Nxd4 Qxd4 22.Rc4 Qd5
23.Rfc1 Rd7 24.Rc8+ Rxc8 25.Qxc8+ Kg7 26.Qb8 Qd6 27.Qxd6 Rxd6 28.Rc7 a5 29.Ra7 Rd5
30.g3 h6 31.a4 g5 32.fxg5 hxg5 33.hxg5 Rxg5 34.Kf1 Re5 35.f4 Rc5 36.Ke2 Kg6
37.Kd3 f6 38.Kd4 Rd5+ 39.Kc4 Kf5 40.Rf7 Rd8 41.g4+ Kxf4 42.Rxf6+ Kxg4 43.Rxe6 Rb8  1/2-1/2

[Event "11th BCC Thailand Open"]
[Site "Pattaya THA"]
[Date "2011.04.11"]
[Round "1.23"]
[White "Tuamsang,S"]
[Black "Illingworth,M"]
[Result "0-1"]
[WhiteElo "1967"]
[BlackElo "2345"]

1.d4 e6 2.c4 d5 3.Nc3 Be7 4.Nf3 Nf6 5.Bf4 O-O 6.e3 Nbd7 7.Qc2 c6 8.Bd3 dxc4
9.Bxc4 b5 10.Bd3 Bb7 11.e4 b4 12.Ne2 h6 13.Qd2 c5 14.e5 Ne4 15.Qe3 cxd4 16.Nexd4 Ndc5
17.Bc2 Qd5 18.O-O Ng5 19.Rfd1 Rfe8 20.h4 Nxf3+ 21.Nxf3 Qc4 22.Rdc1 Qd5 23.Rd1 Qc6
24.Rd4 h5 25.Rc1 a5 26.Ba4 Qxa4 27.Bg5 Bf8 28.Bf6 Rac8 29.Rcd1 Qc6 30.Rd8 Ne4
31.R1d7 Qc1+ 32.Qxc1 Rxc1+  0-1

[Event "13th Dubai Open"]
[Site "Dubai UAE"]
[Date "2011.04.12"]
[Round "3"]
[White "Simantsev,M"]
[Black "Al Razi,N"]
[Result "1-0"]
[WhiteElo "2569"]
[BlackElo "2209"]

1.d4 d5 2.c4 e6 3.Nc3 Nf6 4.Nf3 Be7 5.Bf4 O-O 6.e3 c5 7.dxc5 Bxc5 8.Qc2 Qa5
9.Nd2 Be7 10.Be2 Nc6 11.O-O e5 12.Bg3 d4 13.Nb3 Qd8 14.Rad1 Be6 15.exd4 exd4
16.Nb5 Nb4 17.Qb1 d3 18.Bxd3 Nxd3 19.Rxd3 Qb6 20.Nd6 Rfd8 21.c5 Qa6 22.Rfd1 Rd7
23.Nd4 Bxd6 24.Ra3 Qc4 25.cxd6 Nh5 26.Nxe6 Nxg3 27.Ng5 Ne2+ 28.Kh1 g6 29.Ne4 Rdd8
30.Re3 Nf4 31.b3 Qc6 32.Qb2 Nh5 33.g4 Ng7 34.f3 f5 35.Rc1 Qb6 36.Rc7  1-0

[Event "TCh-RUS Premier"]
[Site "Olginka RUS"]
[Date "2011.04.15"]
[Round "4"]
[White "Potkin,V"]
[Black "Manukyan,SaV"]
[Result "1-0"]
[WhiteElo "2653"]
[BlackElo "2272"]

1.d4 d5 2.c4 e6 3.Nf3 Be7 4.Nc3 Nf6 5.Bf4 O-O 6.e3 Nbd7 7.Bd3 dxc4 8.Bxc4 a6
9.a4 c5 10.O-O cxd4 11.exd4 Nb6 12.Bb3 Bd7 13.a5 Nbd5 14.Nxd5 Nxd5 15.Bxd5 exd5
16.Qb3 Bb5 17.Rfc1 Rc8 18.Rxc8 Qxc8 19.Qxd5 Bc6 20.Qb3 Qf5 21.Bg3 Rd8 22.Re1 Bf6
23.Bc7 Rc8 24.Be5 Rd8 25.Bxf6 gxf6 26.Qb6 Rd7 27.Qc5 Rd5 28.Qc3 Rxa5 29.Ne5 Rb5
30.Nxc6 bxc6 31.h3 Qd7 32.Re4 Rg5 33.Rf4 Qd5 34.g3 Rg6 35.h4 Kg7 36.b4 h5
37.Qc5 Qxc5 38.dxc5 Kf8 39.Kg2 Ke7 40.Kf3 Rg8 41.Re4+ Kf8 42.Rd4 Ke7 43.Rd6 Rg4
44.Rxc6 Rxb4 45.Rxa6 Rc4 46.Rc6 Rc2 47.Rc7+ Ke6 48.c6 f5 49.Rc8 Kf6 50.Ke3 f4+
51.Kxf4 Rxf2+ 52.Ke4 Ke6 53.c7 Kd7 54.Rh8 Kxc7 55.Rxh5 Kd6 56.Rf5 Re2+ 57.Kf3 Re1
58.Kf2 Re7 59.Rf3 Ra7 60.Re3 Ra4 61.Kf3 f5 62.h5 Rg4 63.Re1 Rg5 64.Rh1 Ke6
65.h6 Rg8 66.h7 Rh8 67.Kf4 Kf6 68.Rh6+ Kg7 69.Kg5 Rxh7 70.Rxh7+ Kxh7 71.Kxf5 Kh6
72.g4 Kh7 73.Kf6 Kh6 74.g5+ Kh7 75.Kf7 Kh8 76.Kg6 Kg8 77.Kh6  1-0

[Event "13th Dubai Open"]
[Site "Dubai UAE"]
[Date "2011.04.16"]
[Round "6"]
[White "Aleksandrov,A"]
[Black "Mchedlishvili,M"]
[Result "1-0"]
[WhiteElo "2638"]
[BlackElo "2629"]

1.d4 d5 2.c4 e6 3.Nc3 Be7 4.Nf3 Nf6 5.Bf4 O-O 6.a3 b6 7.cxd5 Nxd5 8.Nxd5 exd5
9.g3 c5 10.dxc5 bxc5 11.Bg2 Be6 12.O-O Nc6 13.Qa4 Qb6 14.Rab1 Bf5 15.Rbd1 Rfd8
16.Ne5 Nd4 17.Rd2 Be6 18.b4 Rac8 19.Be3 Nb5 20.bxc5 Bxc5 21.Rb2 Bxe3 22.Rxb5 Qd6
23.fxe3 Qxe5 24.Qxa7 Ra8 25.Qc5 Rdc8 26.Qd4 Qd6 27.Rxd5 Qe7 28.a4 Bxd5 29.Bxd5 Ra7
30.Rxf7 Qxf7 31.Bxf7+ Rxf7 32.Qd5 Rc1+ 33.Kg2 Rc2 34.Qb5 g6 35.e4 Kg7 36.a5 Ra2
37.Qc4 Ra3 38.Qb4 Ra2 39.Qc4 Ra3 40.Qd4+ Kg8 41.e5 Ra2 42.Qd3 Kg7 43.e6 Rf5
44.a6 Re5 45.Qd4 Kf6 46.e7 Rxe2+ 47.Kf3  1-0

[Event "13th Dubai Open"]
[Site "Dubai UAE"]
[Date "2011.04.16"]
[Round "6"]
[White "Gagunashvili,M"]
[Black "Roy Chowdhury,S"]
[Result "1-0"]
[WhiteElo "2599"]
[BlackElo "2459"]

1.d4 Nf6 2.c4 e6 3.Nf3 d5 4.Nc3 Be7 5.Bf4 O-O 6.e3 b6 7.cxd5 exd5 8.Bd3 Bb7
9.Ne5 Nbd7 10.Qf3 a6 11.O-O-O b5 12.g4 b4 13.Ne2 c5 14.dxc5 Nxc5 15.Nd4 Nfe4
16.Bc2 Rc8 17.Kb1 Qb6 18.Qh3 g6 19.Nf5 gxf5 20.gxf5 Nc3+ 21.Ka1 Qa5 22.a3 Nb3+
23.Bxb3 bxa3 24.Qg3+ Kh8 25.Nxf7+ Rxf7 26.Be5+ Bf6 27.bxc3 Re8 28.Bxf6+ Rxf6
29.e4 Qb5 30.Rhg1 Qd7 31.e5  1-0

[Event "12th TCh-RUS Women"]
[Site "Olginka RUS"]
[Date "2011.04.16"]
[Round "1"]
[White "Atalik,E"]
[Black "Munguntuul,B"]
[Result "0-1"]
[WhiteElo "2444"]
[BlackElo "2434"]

1.d4 d5 2.c4 e6 3.Nf3 Nf6 4.Nc3 Be7 5.Bf4 O-O 6.e3 c5 7.dxc5 Bxc5 8.a3 Nc6
9.Qc2 Qa5 10.Rd1 Be7 11.Be2 Ne4 12.cxd5 Nxc3 13.Qxc3 Qxc3+ 14.bxc3 exd5 15.Rxd5 Bxa3
16.Nd4 Nxd4 17.exd4 b6 18.Kd2 a6 19.Ra1 Be7 20.Bf3 Be6 21.Rh5 Ra7 22.Rb5 Bd8
23.Bc6 Re7 24.Rxa6 Bc4 25.Bd6 Re2+ 26.Kd1 Bxb5 27.Bxb5 Rxf2 28.Bxf8 Kxf8
29.Ra8 Ke7 30.Ra7+ Ke6 31.Bd7+ Kd6 32.Bh3 Bg5 33.Rd7+ Kc6 34.c4 Be3 35.Ke1 Rf4
36.d5+ Kc5 37.Re7 Bf2+ 38.Ke2 Kxc4 39.d6 Bc5 40.Rc7 Re4+ 41.Kf3 Rd4 42.d7 Kb4
43.Rc8 Be7 44.Re8 Bf6 45.Rf8 b5 46.Rxf7 Kc3 47.Bf5 b4 48.Bxh7 b3 49.g4 b2
50.g5 Bd8 51.Kg2 Rd2+ 52.Kh3 Rd1 53.Bf5 Rf1 54.Rf8 b1=Q  0-1

[Event "Norsk Open A"]
[Site "Fagernes NOR"]
[Date "2011.04.17"]
[Round "6"]
[White "Urkedal,F"]
[Black "Kovachev,D"]
[Result "1/2-1/2"]
[WhiteElo "2447"]
[BlackElo "2307"]

1.Nf3 d5 2.d4 e6 3.c4 Be7 4.Nc3 Nf6 5.Bf4 O-O 6.e3 Nbd7 7.h3 c5 8.Be2 cxd4
9.Qxd4 dxc4 10.Qxc4 a6 11.a4 b5 12.Qd4 bxa4 13.O-O a3 14.bxa3 Nc5 15.Rfd1 Bb7
16.Rab1 Qa5 17.Nd2 Rad8 18.Nc4 Rxd4 19.Nxa5 Rxd1+ 20.Rxd1 Nd5 21.Be5 Ba8
22.Nxd5 Bxd5 23.Bc4 Bxc4 24.Nxc4 f6 25.Bc3 Rc8 26.Bb4 Kf8 27.Nb6 Rc6 28.Rc1 Rxb6
29.Bxc5 Rb5 30.Bxe7+ Kxe7 31.Rc7+ Kf8 32.Rc6 Ra5 33.Rxe6 Rxa3 34.Rb6 h5 35.h4 Kf7
36.Rb7+ Kg6 37.Ra7 a5 38.Kh2 a4 39.Kg3 Ra2 40.e4 a3  1/2-1/2

[Event "ch-FAI"]
[Site "Vestmanna FAI"]
[Date "2011.04.17"]
[Round "2"]
[White "Simonsen,H"]
[Black "Vang,Fi"]
[Result "1-0"]
[WhiteElo "2179"]
[BlackElo "2084"]

1.c4 e6 2.d4 d5 3.Nf3 Nf6 4.Nc3 Be7 5.Bf4 a6 6.e3 O-O 7.Qc2 dxc4 8.Bxc4 b5
9.Bd3 Bb7 10.O-O g6 11.Rac1 Nc6 12.a3 b4 13.Ne4 Nd5 14.Bh6 Re8 15.Nc5 Bxc5
16.Qxc5 e5 17.e4 Nf4 18.Bxf4 exf4 19.d5 Ne5 20.Nxe5 Rxe5 21.Qxc7  1-0

[Event "ch-FRA u20b"]
[Site "Montlucon FRA"]
[Date "2011.04.18"]
[Round "3.8"]
[White "Najart,D"]
[Black "Hutois,M"]
[Result "1-0"]
[WhiteElo "2008"]
[BlackElo "2142"]

1.d4 d5 2.c4 e6 3.Nc3 Nf6 4.Nf3 Be7 5.Bf4 O-O 6.Qc2 c5 7.dxc5 dxc4 8.e4 Nc6
9.Bxc4 Bxc5 10.O-O Qe7 11.e5 Nh5 12.Bg5 f6 13.exf6 gxf6 14.Bh6 Rf7 15.a3 Nd4
16.Nxd4 Bxd4 17.Nb5 Be5 18.f4 a6 19.fxe5 axb5 20.Bxb5 Bd7 21.Bxd7 Qxd7 22.Rad1 Qb5
23.exf6 Nxf6 24.Qf2 Kh8 25.Qd4 e5 26.Qd6 Qc6 27.Qxc6 bxc6 28.Rf2 Re8 29.Rdf1  1-0